[Event "DEM U10 2024"]
[Site "Willingen GER"]
[Date "2024.05.19"]
[Round "1"]
[White "Jüngling, Leonard"]
[Black "Liu, Jonas"]
[Result "1-0"]
[Termination "normal"]
[Board "27"]
[WhiteElo "1446"]
[BlackElo "1632"]
[WhiteClock "00:48:21"]
[BlackClock "00:17:17"]
[PlyCount "131"]
[WhiteFideId "34669116"]
[BlackFideId "34660941"]
[EventCountry "GER"]
[EventRounds "11"]
[EventType "swiss"]
[EventDate "2024.05.18"]

1. f4 {[%clk 01:15:57]} {[%emt 00:00:02]} d5 {[%clk 01:14:56]} {[%emt
00:01:04]} 2. Nf3 {[%clk 01:16:23]} {[%emt 00:00:05]} Nf6 {[%clk 01:15:22]}
{[%emt 00:00:05]} 3. b3 {[%clk 01:16:48]} {[%emt 00:00:05]} g6 {[%clk
01:15:22]} {[%emt 00:00:29]} 4. Bb2 {[%clk 01:17:12]} {[%emt 00:00:06]} Bg7
{[%clk 01:15:09]} {[%emt 00:00:42]} 5. e3 {[%clk 01:17:35]} {[%emt 00:00:08]}
O-O {[%clk 01:14:27]} {[%emt 00:01:12]} 6. Be2 {[%clk 01:18:00]} {[%emt
00:00:05]} c5 {[%clk 01:14:45]} {[%emt 00:00:11]} 7. O-O {[%clk 01:18:23]}
{[%emt 00:00:07]} Nc6 {[%clk 01:14:45]} {[%emt 00:00:30]} 8. d3 {[%clk
01:14:44]} {[%emt 00:04:10]} Re8 {[%clk 01:13:14]} {[%emt 00:02:00]} 9. Nbd2
{[%clk 01:15:03]} {[%emt 00:00:12]} Ng4 {[%clk 01:12:49]} {[%emt 00:00:54]} 10.
Qc1 {[%clk 01:11:51]} {[%emt 00:03:43]} Nxe3 {[%clk 01:10:51]} {[%emt
00:02:28]} 11. Re1 {[%clk 01:10:10]} {[%emt 00:02:11]} Bh6 {[%clk 01:03:34]}
{[%emt 00:07:47]} 12. g3 {[%clk 01:07:52]} {[%emt 00:02:48]} b5 {[%clk
01:00:40]} {[%emt 00:03:23]} 13. Nf1 {[%clk 01:05:11]} {[%emt 00:03:12]} Nxf1
{[%clk 00:57:40]} {[%emt 00:03:29]} 14. Rxf1 {[%clk 01:04:22]} {[%emt
00:01:20]} d4 {[%clk 00:55:51]} {[%emt 00:02:18]} 15. c3 {[%clk 01:03:55]}
{[%emt 00:00:58]} e5 {[%clk 00:54:52]} {[%emt 00:01:29]} 16. cxd4 {[%clk
01:01:44]} {[%emt 00:02:41]} Nxd4 {[%clk 00:54:05]} {[%emt 00:01:16]} 17. Nxd4
{[%clk 00:59:59]} {[%emt 00:02:15]} exd4 {[%clk 00:51:23]} {[%emt 00:03:13]}
18. Bf3 {[%clk 00:58:17]} {[%emt 00:02:12]} Bh3 {[%clk 00:44:21]} {[%emt
00:07:32]} 19. Rd1 {[%clk 00:57:27]} {[%emt 00:01:20]} Rc8 {[%clk 00:44:00]}
{[%emt 00:00:50]} 20. Rd2 {[%clk 00:54:37]} {[%emt 00:03:21]} g5 {[%clk
00:33:14]} {[%emt 00:11:16]} 21. Rc2 {[%clk 00:54:04]} {[%emt 00:01:03]} Qe7
{[%clk 00:30:33]} {[%emt 00:03:00]} 22. Qd2 {[%clk 00:52:33]} {[%emt 00:02:12]}
Qe3+ {[%clk 00:30:23]} {[%emt 00:00:40]} 23. Qxe3 {[%clk 00:52:54]} {[%emt
00:00:09]} Rxe3 {[%clk 00:30:28]} {[%emt 00:00:24]} 24. Kf2 {[%clk 00:52:23]}
{[%emt 00:01:02]} gxf4 {[%clk 00:29:43]} {[%emt 00:01:15]} 25. Bc1 {[%clk
00:52:01]} {[%emt 00:00:52]} Ree8 {[%emt 00:09:23]} 26. Bxf4 {[%clk 00:51:50]}
{[%emt 00:00:01]} Bxf4 {[%clk 00:20:41]} {[%emt 00:01:18]} 27. gxf4 {[%clk
00:52:11]} {[%emt 00:00:10]} Re3 {[%clk 00:18:52]} {[%emt 00:02:19]} 28. Rac1
{[%clk 00:51:49]} {[%emt 00:00:51]} Rxd3 {[%clk 00:18:21]} {[%emt 00:01:01]}
29. Rxc5 {[%clk 00:52:10]} {[%emt 00:00:10]} Rxc5 {[%clk 00:18:40]} {[%emt
00:00:11]} 30. Rxc5 {[%clk 00:52:33]} {[%emt 00:00:07]} Rd2+ {[%clk 00:19:07]}
{[%emt 00:00:02]} 31. Kg3 {[%clk 00:51:57]} {[%emt 00:01:07]} Bf1 {[%clk
00:18:30]} {[%emt 00:01:06]} 32. Rd5 {[%clk 00:47:57]} {[%emt 00:04:31]} d3
{[%clk 00:17:25]} {[%emt 00:01:34]} 33. Be4 {[%clk 00:46:51]} {[%emt 00:01:35]}
Rxa2 {[%clk 00:17:20]} {[%emt 00:00:36]} 34. Bxd3 {[%clk 00:46:58]} {[%emt
00:00:23]} Rd2 {[%clk 00:17:23]} {[%emt 00:00:21]} 35. Bxh7+ {[%clk 00:47:17]}
{[%emt 00:00:16]} Kxh7 {[%clk 00:16:15]} {[%emt 00:01:38]} 36. Rxd2 {[%clk
00:47:38]} {[%emt 00:00:10]} Kg6 {[%clk 00:15:55]} {[%emt 00:00:50]} 37. Kg4
{[%clk 00:47:26]} {[%emt 00:00:42]} a5 {[%clk 00:16:01]} {[%emt 00:00:23]} 38.
h4 {[%clk 00:47:51]} {[%emt 00:00:06]} a4 {[%emt 00:00:09]} 39. bxa4 {[%clk
00:48:04]} {[%emt 00:00:14]} bxa4 {[%clk 00:16:35]} {[%emt 00:00:19]} 40. Ra2
{[%clk 00:48:20]} {[%emt 00:00:15]} Bb5 {[%clk 00:16:54]} {[%emt 00:00:10]} 41.
h5+ {[%clk 00:48:37]} {[%emt 00:00:13]} Kh6 {[%clk 00:16:53]} {[%emt 00:00:30]}
42. f5 {[%clk 00:48:36]} {[%emt 00:00:33]} f6 {[%clk 00:17:08]} {[%emt
00:00:13]} 43. Rb2 {[%clk 00:48:58]} {[%emt 00:00:09]} Be8 {[%clk 00:17:26]}
{[%emt 00:00:11]} 44. Rb6 {[%clk 00:48:23]} {[%emt 00:01:06]} Bxh5+ {[%clk
00:17:20]} {[%emt 00:00:36]} 45. Kh4 {[%clk 00:48:04]} {[%emt 00:00:49]} Bf7
{[%clk 00:17:32]} {[%emt 00:00:15]} 46. Rxf6+ {[%clk 00:48:08]} {[%emt
00:00:29]} Kg7 {[%clk 00:17:56]} {[%emt 00:00:06]} 47. Kg5 {[%clk 00:48:13]}
{[%emt 00:00:24]} a3 {[%clk 00:18:17]} {[%emt 00:00:10]} 48. Ra6 {[%clk
00:48:38]} {[%emt 00:00:05]} a2 {[%clk 00:18:40]} {[%emt 00:00:06]} 49. f6+
{[%clk 00:48:52]} {[%emt 00:00:15]} Kh7 {[%clk 00:18:26]} {[%emt 00:00:42]} 50.
Ra7 {[%clk 00:48:07]} {[%emt 00:01:18]} Kg8 {[%clk 00:18:36]} {[%emt 00:00:16]}
51. Kh6 {[%clk 00:48:20]} {[%emt 00:00:21]} Bc4 {[%clk 00:18:21]} {[%emt
00:00:33]} 52. Ra8+ {[%clk 00:47:34]} {[%emt 00:01:28]} Kf7 {[%clk 00:18:34]}
{[%emt 00:00:16]} 53. Kg5 {[%clk 00:47:47]} {[%emt 00:00:17]} Bd5 {[%clk
00:17:50]} {[%emt 00:01:13]} 54. Ra7+ {[%clk 00:48:07]} {[%emt 00:00:13]} Kg8
{[%clk 00:17:17]} {[%emt 00:01:00]} 55. Kg6 {[%clk 00:48:21]} {[%emt 00:00:18]}
Bf7+ 56. Kh6 Bd5 57. f7+ Kf8 58. Kg6 Be4+ 59. Kf6 Bb7 60. Rxa2 Bd5 61. Rd2 Bxf7
62. Rd8+ Be8 63. Rc8 Kg8 64. Rxe8+ Kh7 65. Re5 Kg8 66. Kg6 1-0

[Event "DEM U10 2024"]
[Site "Willingen GER"]
[Date "2024.05.19"]
[Round "2"]
[White "Gusev, Daniil"]
[Black "Ding, Jerry Yunjie"]
[Result "1-0"]
[Termination "normal"]
[Board "1"]
[WhiteElo "1740"]
[BlackElo "1650"]
[WhiteClock "00:33:47"]
[BlackClock "00:12:42"]
[PlyCount "159"]
[WhiteFideId "55683886"]
[BlackFideId "34614869"]
[EventCountry "GER"]
[EventRounds "11"]
[EventType "swiss"]
[EventDate "2024.05.18"]

1. e4 {[%clk 01:15:59]} {[%emt 00:00:01]} c5 {[%clk 01:15:55]} {[%emt
00:00:05]} 2. Nf3 {[%clk 01:16:26]} {[%emt 00:00:03]} Nc6 {[%clk 01:16:20]}
{[%emt 00:00:05]} 3. d4 {[%clk 01:16:53]} {[%emt 00:00:03]} cxd4 {[%clk
01:16:45]} {[%emt 00:00:05]} 4. Nxd4 {[%clk 01:17:21]} {[%emt 00:00:03]} g6
{[%clk 01:17:04]} {[%emt 00:00:10]} 5. Nc3 {[%clk 01:17:48]} {[%emt 00:00:03]}
Bg7 {[%clk 01:17:25]} {[%emt 00:00:08]} 6. Be3 {[%clk 01:18:14]} {[%emt
00:00:04]} Nf6 {[%clk 01:17:45]} {[%emt 00:00:11]} 7. Nxc6 {[%clk 01:18:39]}
{[%emt 00:00:05]} bxc6 {[%clk 01:18:04]} {[%emt 00:00:11]} 8. e5 {[%clk
01:19:07]} {[%emt 00:00:02]} Ng8 {[%clk 01:18:28]} {[%emt 00:00:06]} 9. Bd4
{[%clk 01:19:28]} {[%emt 00:00:09]} Qa5 {[%clk 01:18:48]} {[%emt 00:00:10]} 10.
e6 {[%clk 01:18:33]} {[%emt 00:01:25]} Nf6 {[%clk 01:19:10]} {[%emt 00:00:07]}
11. exf7+ {[%clk 01:18:28]} {[%emt 00:00:35]} Kxf7 {[%clk 01:19:34]} {[%emt
00:00:07]} 12. Bc4+ {[%clk 01:18:22]} {[%emt 00:00:36]} d5 {[%clk 01:19:58]}
{[%emt 00:00:06]} 13. Bb3 {[%clk 01:18:48]} {[%emt 00:00:03]} e5 {[%clk
01:18:48]} {[%emt 00:01:41]} 14. Bxe5 {[%clk 01:18:22]} {[%emt 00:00:56]} Re8
{[%clk 01:19:06]} {[%emt 00:00:12]} 15. f4 {[%clk 01:17:11]} {[%emt 00:01:41]}
Ng4 {[%clk 01:18:28]} {[%emt 00:01:07]} 16. Qf3 {[%clk 01:15:13]} {[%emt
00:02:29]} Kg8 {[%clk 01:13:08]} {[%emt 00:05:50]} 17. O-O-O {[%clk 01:13:13]}
{[%emt 00:02:29]} Nxe5 {[%clk 01:08:53]} {[%emt 00:04:45]} 18. fxe5 {[%clk
01:13:23]} {[%emt 00:00:21]} Bxe5 {[%clk 01:08:39]} {[%emt 00:00:44]} 19. Nxd5
{[%clk 01:12:16]} {[%emt 00:01:37]} Kg7 {[%clk 00:53:41]} {[%emt 00:15:28]} 20.
Nb6 {[%clk 01:03:22]} {[%emt 00:09:25]} Rf8 {[%clk 00:40:55]} {[%emt 00:13:15]}
21. Nc4 {[%clk 00:53:57]} {[%emt 00:09:55]} Qc7 {[%clk 00:34:29]} {[%emt
00:06:55]} 22. Qe4 {[%clk 00:52:11]} {[%emt 00:02:16]} Bf6 {[%clk 00:28:28]}
{[%emt 00:06:31]} 23. g4 {[%clk 00:46:06]} {[%emt 00:06:35]} Bg5+ {[%clk
00:27:19]} {[%emt 00:01:40]} 24. Kb1 {[%clk 00:46:25]} {[%emt 00:00:11]} Rf4
{[%clk 00:25:40]} {[%emt 00:02:09]} 25. Qe8 {[%clk 00:41:12]} {[%emt 00:05:42]}
Bxg4 {[%clk 00:23:32]} {[%emt 00:02:38]} 26. Qxa8 {[%clk 00:40:49]} {[%emt
00:00:53]} Rf8 {[%clk 00:22:44]} {[%emt 00:01:18]} 27. Qxf8+ {[%clk 00:37:32]}
{[%emt 00:03:47]} Kxf8 {[%clk 00:23:08]} {[%emt 00:00:07]} 28. Rhf1+ {[%clk
00:38:00]} {[%emt 00:00:02]} Kg7 {[%clk 00:23:02]} {[%emt 00:00:35]} 29. Rd4
{[%clk 00:36:31]} {[%emt 00:01:57]} Be2 {[%clk 00:22:39]} {[%emt 00:00:55]} 30.
Re1 {[%clk 00:34:26]} {[%emt 00:02:35]} Qf7 {[%clk 00:21:01]} {[%emt 00:02:08]}
31. Re4 {[%clk 00:27:27]} {[%emt 00:07:29]} Bxc4 {[%clk 00:19:45]} {[%emt
00:01:46]} 32. Bxc4 {[%clk 00:27:44]} {[%emt 00:00:13]} Qf3 {[%clk 00:19:37]}
{[%emt 00:00:37]} 33. h4 {[%clk 00:27:05]} {[%emt 00:01:10]} Bf6 {[%clk
00:17:19]} {[%emt 00:02:48]} 34. a3 {[%clk 00:24:17]} {[%emt 00:03:18]} Qf2
{[%clk 00:16:05]} {[%emt 00:01:44]} 35. h5 {[%clk 00:22:22]} {[%emt 00:02:25]}
gxh5 {[%clk 00:15:49]} {[%emt 00:00:46]} 36. Rf1 {[%clk 00:22:07]} {[%emt
00:00:45]} Qb6 {[%clk 00:15:55]} {[%emt 00:00:25]} 37. Bb3 {[%clk 00:20:28]}
{[%emt 00:02:09]} Qc5 {[%clk 00:10:06]} {[%emt 00:06:19]} 38. Re6 {[%clk
00:19:52]} {[%emt 00:01:05]} Bg5 {[%clk 00:08:31]} {[%emt 00:02:05]} 39. Rf7+
{[%clk 00:19:58]} {[%emt 00:00:24]} Kxf7 {[%clk 00:08:12]} {[%emt 00:00:50]}
40. Re5+ {[%clk 00:20:24]} {[%emt 00:00:04]} Qd5 {[%clk 00:07:51]} {[%emt
00:00:49]} 41. Bxd5+ {[%clk 00:20:50]} {[%emt 00:00:05]} Kf6 {[%clk 00:07:09]}
{[%emt 00:01:12]} 42. Re6+ {[%clk 00:21:13]} {[%emt 00:00:07]} Kf5 {[%clk
00:07:34]} {[%emt 00:00:05]} 43. Rxc6 {[%clk 00:21:34]} {[%emt 00:00:09]} h4
{[%clk 00:07:33]} {[%emt 00:00:30]} 44. Bg2 {[%clk 00:21:42]} {[%emt 00:00:22]}
Kg4 {[%clk 00:07:38]} {[%emt 00:00:26]} 45. Rc3 {[%clk 00:22:07]} {[%emt
00:00:05]} Bd2 {[%clk 00:07:41]} {[%emt 00:00:27]} 46. Bh3+ {[%clk 00:22:34]}
{[%emt 00:00:04]} Kf4 {[%clk 00:08:03]} {[%emt 00:00:08]} 47. Rd3 {[%clk
00:23:00]} {[%emt 00:00:03]} Be3 {[%clk 00:08:15]} {[%emt 00:00:19]} 48. c4
{[%clk 00:23:22]} {[%emt 00:00:08]} Ke4 {[%clk 00:08:20]} {[%emt 00:00:24]} 49.
Rxe3+ {[%clk 00:23:45]} {[%emt 00:00:07]} Kxe3 {[%clk 00:08:12]} {[%emt
00:00:38]} 50. c5 {[%clk 00:24:12]} {[%emt 00:00:04]} Kf3 {[%clk 00:08:34]}
{[%emt 00:00:08]} 51. c6 {[%clk 00:24:38]} {[%emt 00:00:03]} Kg3 {[%clk
00:08:59]} {[%emt 00:00:05]} 52. Bf5 {[%clk 00:25:02]} {[%emt 00:00:06]} h3
{[%clk 00:09:22]} {[%emt 00:00:07]} 53. Bxh7 {[%clk 00:25:28]} {[%emt
00:00:04]} Kf4 {[%clk 00:09:04]} {[%emt 00:00:48]} 54. Bg8 {[%clk 00:25:43]}
{[%emt 00:00:14]} Ke5 {[%clk 00:09:23]} {[%emt 00:00:12]} 55. c7 {[%clk
00:25:57]} {[%emt 00:00:17]} h2 {[%clk 00:09:49]} {[%emt 00:00:04]} 56. c8=Q
{[%clk 00:26:23]} {[%emt 00:00:03]} h1=Q+ {[%clk 00:10:13]} {[%emt 00:00:06]}
57. Ka2 {[%clk 00:26:45]} {[%emt 00:00:06]} Qg2 {[%clk 00:08:43]} {[%emt
00:02:02]} 58. Qe6+ {[%clk 00:27:08]} {[%emt 00:00:07]} Kf4 {[%clk 00:09:01]}
{[%emt 00:00:12]} 59. Qf6+ {[%clk 00:27:33]} {[%emt 00:00:06]} Ke3 {[%clk
00:08:50]} {[%emt 00:00:40]} 60. Qe5+ {[%clk 00:27:58]} {[%emt 00:00:05]} Kd3
{[%clk 00:07:45]} {[%emt 00:01:35]} 61. Qd5+ {[%clk 00:28:19]} {[%emt
00:00:09]} Qxd5+ {[%clk 00:08:04]} {[%emt 00:00:11]} 62. Bxd5 {[%clk 00:26:56]}
{[%emt 00:01:53]} Kd4 {[%clk 00:08:30]} {[%emt 00:00:04]} 63. Bh1 {[%clk
00:26:56]} {[%emt 00:00:29]} Kc5 {[%clk 00:08:42]} {[%emt 00:00:20]} 64. b4+
{[%clk 00:27:22]} {[%emt 00:00:04]} Kb5 {[%clk 00:08:44]} {[%emt 00:00:27]} 65.
Kb3 {[%clk 00:27:47]} {[%emt 00:00:05]} a6 {[%clk 00:08:36]} {[%emt 00:00:38]}
66. a4+ {[%clk 00:28:09]} {[%emt 00:00:08]} Kb6 {[%clk 00:09:02]} {[%emt
00:00:04]} 67. Kc4 {[%clk 00:28:35]} {[%emt 00:00:04]} Kc7 {[%clk 00:08:52]}
{[%emt 00:00:40]} 68. Kc5 {[%clk 00:29:01]} {[%emt 00:00:05]} a5 {[%clk
00:08:13]} {[%emt 00:01:08]} 69. bxa5 {[%clk 00:29:25]} {[%emt 00:00:06]} Kb8
{[%clk 00:08:37]} {[%emt 00:00:06]} 70. Kb6 {[%clk 00:29:51]} {[%emt 00:00:03]}
Kc8 {[%clk 00:09:04]} {[%emt 00:00:04]} 71. a6 {[%clk 00:30:17]} {[%emt
00:00:04]} Kd7 {[%clk 00:09:25]} {[%emt 00:00:09]} 72. a7 {[%clk 00:30:42]}
{[%emt 00:00:05]} Ke6 {[%clk 00:09:50]} {[%emt 00:00:05]} 73. a8=Q {[%clk
00:31:08]} {[%emt 00:00:05]} Ke5 {[%clk 00:10:16]} {[%emt 00:00:04]} 74. Qd5+
{[%clk 00:31:29]} {[%emt 00:00:09]} Kf6 {[%clk 00:10:34]} {[%emt 00:00:11]} 75.
a5 {[%clk 00:31:53]} {[%emt 00:00:07]} Ke7 {[%clk 00:10:56]} {[%emt 00:00:08]}
76. a6 {[%clk 00:32:18]} {[%emt 00:00:04]} Kf6 {[%clk 00:11:24]} {[%emt
00:00:02]} 77. a7 {[%clk 00:32:41]} {[%emt 00:00:07]} Kg6 {[%clk 00:11:51]}
{[%emt 00:00:04]} 78. a8=Q {[%clk 00:33:03]} {[%emt 00:00:08]} Kf6 {[%clk
00:12:18]} {[%emt 00:00:02]} 79. Qf8 {[%clk 00:33:24]} {[%emt 00:00:08]} Kg6
{[%clk 00:12:42]} {[%emt 00:00:07]} 80. Qdf5 {[%clk 00:33:47]} {[%emt
00:00:07]} 1-0

[Event "DEM U10 2024"]
[Site "Willingen GER"]
[Date "2024.05.19"]
[Round "2"]
[White "Becker, Linus"]
[Black "Naumann, Lennart"]
[Result "1-0"]
[Termination "normal"]
[Board "2"]
[WhiteElo "1705"]
[BlackElo "1707"]
[WhiteClock "00:29:14"]
[BlackClock "00:10:09"]
[PlyCount "69"]
[WhiteFideId "34614958"]
[BlackFideId "34644830"]
[EventCountry "GER"]
[EventRounds "11"]
[EventType "swiss"]
[EventDate "2024.05.18"]

1. c4 {[%clk 01:15:58]} {[%emt 00:00:02]} c5 {[%clk 01:15:53]} {[%emt
00:00:07]} 2. g3 {[%clk 01:16:23]} {[%emt 00:00:06]} g6 {[%clk 01:16:15]}
{[%emt 00:00:07]} 3. Bg2 {[%clk 01:16:50]} {[%emt 00:00:03]} Bg7 {[%clk
01:16:37]} {[%emt 00:00:07]} 4. Nc3 {[%clk 01:17:12]} {[%emt 00:00:09]} Nc6
{[%clk 01:16:58]} {[%emt 00:00:09]} 5. Nf3 {[%clk 01:17:31]} {[%emt 00:00:11]}
d6 {[%clk 01:16:55]} {[%emt 00:00:33]} 6. O-O {[%clk 01:17:42]} {[%emt
00:00:19]} e5 {[%clk 01:16:57]} {[%emt 00:00:27]} 7. d3 {[%clk 01:17:49]}
{[%emt 00:00:25]} Nge7 {[%clk 01:16:57]} {[%emt 00:00:27]} 8. a3 {[%clk
01:17:43]} {[%emt 00:00:38]} O-O {[%clk 01:16:50]} {[%emt 00:00:36]} 9. Rb1
{[%clk 01:17:31]} {[%emt 00:00:43]} Nd4 {[%clk 01:14:22]} {[%emt 00:02:57]} 10.
Nxd4 {[%clk 01:15:21]} {[%emt 00:02:42]} cxd4 {[%clk 01:13:36]} {[%emt
00:01:14]} 11. Nd5 {[%clk 01:15:12]} {[%emt 00:00:39]} Nxd5 {[%clk 01:12:47]}
{[%emt 00:01:20]} 12. Bxd5 {[%clk 01:15:30]} {[%emt 00:00:12]} Kh8 {[%clk
01:12:50]} {[%emt 00:00:26]} 13. Bd2 {[%clk 01:08:34]} {[%emt 00:07:27]} f5
{[%clk 01:12:09]} {[%emt 00:01:09]} 14. f4 {[%clk 01:07:39]} {[%emt 00:01:26]}
h6 {[%clk 01:11:12]} {[%emt 00:01:26]} 15. Qc1 {[%clk 01:07:22]} {[%emt
00:00:49]} Kh7 {[%clk 01:10:43]} {[%emt 00:00:59]} 16. e3 {[%clk 01:02:46]}
{[%emt 00:05:05]} g5 {[%clk 00:58:13]} {[%emt 00:13:00]} 17. fxg5 {[%clk
01:01:39]} {[%emt 00:01:38]} hxg5 {[%clk 00:57:34]} {[%emt 00:01:09]} 18. exd4
{[%clk 01:01:59]} {[%emt 00:00:10]} Bh6 {[%clk 00:56:17]} {[%emt 00:01:44]} 19.
dxe5 {[%clk 01:01:12]} {[%emt 00:01:19]} dxe5 {[%clk 00:56:34]} {[%emt
00:00:13]} 20. Qc3 {[%clk 01:01:30]} {[%emt 00:00:13]} Qc7 {[%clk 00:55:21]}
{[%emt 00:01:43]} 21. Rbe1 {[%clk 00:59:07]} {[%emt 00:02:53]} Re8 {[%clk
00:54:46]} {[%emt 00:01:03]} 22. g4 {[%clk 00:53:37]} {[%emt 00:06:01]} f4
{[%clk 00:52:59]} {[%emt 00:02:17]} 23. h3 {[%clk 00:51:18]} {[%emt 00:02:49]}
Bg7 {[%clk 00:49:30]} {[%emt 00:03:57]} 24. Be4+ {[%clk 00:49:34]} {[%emt
00:02:16]} Kh8 {[%clk 00:49:50]} {[%emt 00:00:09]} 25. b4 {[%clk 00:49:25]}
{[%emt 00:00:41]} Bd7 {[%clk 00:49:36]} {[%emt 00:00:43]} 26. c5 {[%clk
00:48:51]} {[%emt 00:01:05]} Re6 {[%clk 00:48:39]} {[%emt 00:01:27]} 27. Qc4
{[%clk 00:46:30]} {[%emt 00:02:52]} Rh6 {[%clk 00:43:58]} {[%emt 00:05:08]} 28.
Kg2 {[%clk 00:45:18]} {[%emt 00:01:42]} Qc8 {[%clk 00:41:43]} {[%emt 00:02:46]}
29. Bf3 {[%clk 00:43:38]} {[%emt 00:02:09]} Rh4 {[%clk 00:24:54]} {[%emt
00:17:18]} 30. Bc3 {[%clk 00:38:10]} {[%emt 00:06:01]} Bc6 {[%clk 00:17:26]}
{[%emt 00:07:57]} 31. Rh1 {[%clk 00:37:05]} {[%emt 00:01:32]} e4 {[%clk
00:12:09]} {[%emt 00:05:50]} 32. dxe4 {[%clk 00:33:56]} {[%emt 00:03:40]} Bd7
{[%clk 00:10:07]} {[%emt 00:02:32]} 33. Rd1 {[%clk 00:30:48]} {[%emt 00:03:38]}
b5 {[%clk 00:09:52]} {[%emt 00:00:45]} 34. Bxg7+ {[%clk 00:28:53]} {[%emt
00:02:25]} Kxg7 {[%clk 00:10:09]} {[%emt 00:00:12]} 35. Qd4+ {[%clk 00:29:14]}
{[%emt 00:00:09]} 1-0

[Event "DEM U10 2024"]
[Site "Willingen GER"]
[Date "2024.05.19"]
[Round "2"]
[White "Pradeep, Harshill"]
[Black "Cremann, Jannis"]
[Result "1-0"]
[Termination "normal"]
[Board "3"]
[WhiteElo "1853"]
[BlackElo "1633"]
[WhiteClock "01:02:52"]
[BlackClock "00:59:37"]
[PlyCount "51"]
[WhiteFideId "34629513"]
[BlackFideId "34660178"]
[EventCountry "GER"]
[EventRounds "11"]
[EventType "swiss"]
[EventDate "2024.05.18"]

1. e4 {[%clk 01:15:59]} c5 {[%clk 01:15:52]} {[%emt 00:00:08]} 2. Nc3 {[%clk
01:16:23]} {[%emt 00:00:07]} Nc6 {[%clk 01:16:13]} {[%emt 00:00:09]} 3. f4
{[%clk 01:16:48]} {[%emt 00:00:04]} e6 {[%clk 01:16:25]} {[%emt 00:00:18]} 4.
Nf3 {[%clk 01:17:14]} {[%emt 00:00:05]} d5 {[%clk 01:16:41]} {[%emt 00:00:13]}
5. Bb5 {[%clk 01:17:38]} {[%emt 00:00:06]} Be7 {[%clk 01:16:46]} {[%emt
00:00:25]} 6. d3 {[%clk 01:17:35]} {[%emt 00:00:34]} d4 {[%clk 01:16:53]}
{[%emt 00:00:23]} 7. Bxc6+ {[%clk 01:17:36]} {[%emt 00:00:29]} bxc6 {[%clk
01:17:14]} {[%emt 00:00:08]} 8. Na4 {[%clk 01:17:37]} {[%emt 00:00:29]} Nf6
{[%clk 01:17:09]} {[%emt 00:00:35]} 9. b3 {[%clk 01:17:44]} {[%emt 00:00:23]}
Ba6 {[%clk 01:16:34]} {[%emt 00:01:05]} 10. Ba3 {[%clk 01:15:16]} {[%emt
00:02:59]} Ng4 {[%clk 01:15:12]} {[%emt 00:01:51]} 11. Qd2 {[%clk 01:14:18]}
{[%emt 00:01:29]} Ne3 {[%clk 01:11:42]} {[%emt 00:03:59]} 12. Bxc5 {[%clk
01:14:13]} {[%emt 00:00:35]} Bxc5 {[%clk 01:10:39]} {[%emt 00:01:33]} 13. Nxc5
{[%clk 01:14:31]} {[%emt 00:00:13]} Bc8 {[%clk 01:07:15]} {[%emt 00:03:53]} 14.
c3 {[%clk 01:14:26]} {[%emt 00:00:35]} Qa5 {[%clk 01:04:36]} {[%emt 00:03:09]}
15. cxd4 {[%clk 01:13:15]} {[%emt 00:01:42]} Nc2+ {[%clk 01:04:22]} {[%emt
00:00:43]} 16. Kf2 {[%clk 01:13:29]} {[%emt 00:00:16]} Qxd2+ {[%clk 01:04:37]}
{[%emt 00:00:15]} 17. Nxd2 {[%clk 01:13:53]} {[%emt 00:00:06]} Nxa1 {[%clk
01:04:56]} {[%emt 00:00:11]} 18. Rxa1 {[%clk 01:14:21]} {[%emt 00:00:03]} h5
{[%clk 01:04:34]} {[%emt 00:00:51]} 19. Nc4 {[%clk 01:14:28]} {[%emt 00:00:23]}
f6 {[%clk 01:04:32]} {[%emt 00:00:32]} 20. Re1 {[%clk 01:13:14]} {[%emt
00:01:45]} Rf8 {[%clk 01:03:27]} {[%emt 00:01:33]} 21. Na5 {[%clk 01:07:24]}
{[%emt 00:06:22]} Bd7 {[%clk 01:02:21]} {[%emt 00:01:35]} 22. d5 {[%clk
01:07:05]} {[%emt 00:00:50]} cxd5 {[%clk 01:02:00]} {[%emt 00:00:49]} 23. exd5
{[%clk 01:07:21]} {[%emt 00:00:15]} Rc8 {[%clk 01:01:53]} {[%emt 00:00:37]} 24.
Nab7 {[%clk 01:07:18]} {[%emt 00:00:34]} Ke7 {[%clk 01:00:53]} {[%emt
00:01:29]} 25. d4 {[%clk 01:03:10]} {[%emt 00:04:38]} g5 {[%clk 00:59:37]}
{[%emt 00:01:45]} 26. f5 {[%clk 01:02:52]} {[%emt 00:00:50]} 1-0